00726nam a2200289Ia 450000500170000000800460001702000150006303700070007804000080008504000080009304000080010104100080010904100080011708400150012508400080014010000150014824500360016324500150019926000100021426000510022426000090027530000090028494200070029394200150030099900210031595201000033620260401122129.0008 250103s9999 xx 000 0 eng d a8120805208 aTB aEDL beng cEDL 2eng aeng a891.22 BHA qEDL aBhavabhuti 0aUttararamacharita of Bhavabhuti 0cBhavabhuti aDelhi bMotilal Banarsidass Publishers Private Limited c2003 a132p cTB h891.22 BHA c1845118d1845118 00104070aEDLbEDLd2026-04-01l0o891.22 BHApEL2150339r2026-04-01 12:21:29w2026-04-01yTB